Normal view MARC view

Entry Nombre personal

Number of records used in: 1

001 - NÚMERO DE CONTROL

  • campo de control: 792

003 - IDENTIFICADOR DE NÚMERO DE CONTROL

  • campo de control: DLC

005 - FECHA Y HORA DE LA ÚLTIMA TRANSACCIÓN

  • campo de control: 20260306085203.0

008 - ELEMENTOS DE DATO DE LONGITUD-FIJA

  • campo de control de longitud fija: 951003n| azannaabn |a aaa c

010 ## - NÚMERO DE CONTROL DE LA BIBLIOTECA DEL CONGRESO

  • Número de control de LC: nr 95036155

035 ## - NÚMERO DE CONTROL DEL SISTEMA

  • Número de control de sistema: (OCoLC)oca03932948

040 ## - FUENTE DE CATALOGACIÓN

  • Centro catalogador/agencia de origen: NjP
  • Lengua de catalogación: eng
  • Normas de descripción: rda
  • Centro/agencia transcriptor: NjP
  • Centro/agencia modificador: DLC
  • Centro/agencia modificador: DNLM

100 1# - ENCABEZAMIENTO-NOMBRE DE PERSONA

  • Nombre de persona: Asúa, Miguel de

400 1# - TRAZADO DE VÉASE--NOMBRE DE PERSONA

  • Nombre de persona: De Asúa, Miguel

670 ## - FUENTE DE DATOS ENCONTRADOS

  • Cita de la fuente: La ciencia en la Argentina, c1993:
  • Información encontrada: t.p. (Miguel de Asúa)

670 ## - FUENTE DE DATOS ENCONTRADOS

  • Cita de la fuente: Biblioteca Nacional de la República Argentina Web OPAC, June 16, 2006
  • Información encontrada: (Asúa, Miguel de)

670 ## - FUENTE DE DATOS ENCONTRADOS

  • Cita de la fuente: LCCN 2005000466: His A new world of animals, c2005
  • Información encontrada: (usage: Miguel de Asúa) back flap (Miguel de Asúa; professor, Universidad Nacional de San Martín; member, Consejo Nacional de Investigaciones Científicas y Técnicas, Argentina)

670 ## - FUENTE DE DATOS ENCONTRADOS

  • Cita de la fuente: Miguel de Asúa--Henry Sigerist and the history of medicine in Latin America: his correspondence, viewed June 16, 2006
  • Información encontrada: (Miguel de Asúa; professor of history of science and medicine, Universidad Nacional de San Martín)